Geelong Cats 2019 AFL Playing List - Statistics

General Stats
  • This quiz has been taken 178 times
  • The average score is 22 of 46
Answer Stats
Jumper # Answer % Correct
4 Gary Ablett, Jr
92%
14 Joel Selwood
92%
35 Patrick Dangerfield
90%
16 Scott Selwood
89%
26 Tom Hawkins
87%
1 Rhys Stanley
86%
46 Mark Blicavs
75%
3 Brandan Parfitt
71%
7 Harry Taylor
71%
22 Mitch Duncan
71%
44 Tom Stewart
70%
2 Zach Tuohy
69%
29 Cameron Guthrie
67%
39 Zach Guthrie
66%
23 Gary Rohan
63%
32 Gryan Miers
63%
24 Jed Bews
58%
6 Jordan Clark
58%
5 Nakia Cockatoo
55%
11 Tim Kelly
54%
40 Luke Dahlhaus
53%
9 Zac Smith
53%
27 Sam Menegola
50%
25 Lachie Henderson
49%
17 Esava Ratugolea
47%
8 Jake Kolodjashnij
47%
38 Jack Henry
45%
19 Quinton Narkle
44%
18 Charlie Constable
40%
30 Tom Atkins
40%
28 Darcie Fort
36%
42 Mark O'Connor
31%
37 Sam Simpson
31%
34 James Parsons
25%
13 Lachie Fogarty
25%
12 Wylie Buzza
25%
20 Oscar Brownless
23%
10 Ben Jarvis
19%
41 Jamaine Jones
19%
45 Ryan Abbott
19%
31 Jordan Cunico
17%
15 Nathan Kreuger
16%
43 Stefan Okunbor
11%
33 Jake Tarca
10%
36 Blake Schlensog
9%
21 Jacob Kennerley
9%
No matching quizzes found
Score Distribution
Percent of People with Each Score
Percentile by Number Answered
Your Score History
You have not taken this quiz